Recognizable flags-2 Easy - Statistics

General Stats
  • This quiz has been taken 14 times
  • The average score is 9 of 10
Answer Stats
Picture Answer % Correct
Canada
100%
Thailand
100%
Australia
91%
Belgium
91%
Brazil
91%
Egypt
91%
Mexico
91%
Vietnam
91%
Netherlands
82%
Turkey
82%
No matching quizzes found
Score Distribution
Percent of People with Each Score
Percentile by Number Answered
Your Score History
You have not taken this quiz